• 首页
  • 本馆介绍
  • 公告通知
  • 最新文献
  • 馆藏检索
  • 电子资源
  • 读者导购
  • 参考咨询
  • 我的图书馆
  • 登录
  • 详细信息显示
  • 放入我的书架
  • 预约/预借图书
  • 作者相关作品
  • 分类相关作品
  • 丛书相关作品
  • 出版社相关作品

书目信息

  • 表格格式
  • 工作单格式
  • 卡片格式
题名:
新药介绍
    
 
作者: ;化学工业部医药工业科技情报中心站 编
分册: Ⅲ  
出版信息: 上海   上海科学技术出版社  1979
页数: 193页
开本: 19cm
丛书名:
单 册:
中图分类: R97-62
科图分类:
主题词: 新药--简介
电子资源:
ISBN:
000 00659nam0 2200217 45
001 0179008573
005 20060820154515.93
010    @dCNY0.53
091    @a14119.1376
100    @a19950811d1979 em y0chiy0121 ea
101 0  @achi
102    @aCN@b310000
105    @ay z 000yy
200 10 @a新药介绍@Axin yao jie she@hⅢ@f化学工业部医药工业科技情报中心站编
210    @a上海@c上海科学技术出版社@d1979
215    @a193页@d19cm
606    @a新药@x简介
690    @aR97-62@v3
711 02 @a化学工业部医药工业科技情报中心站@Ahua xue gong ye bu yi yao gong ye ke ji qing bao zhong xin zhan@4编
801  0 @aCN@bTSSF@c20060820
905    @a10447@dR97-62@e38:3
    
    新药介绍.Ⅲ/化学工业部医药工业科技情报中心站编.-上海:上海科学技术出版社,1979
    193页;19cm
    
    
    ISBN :CNY0.53
    
●
相关链接 在E读中查询图书 在五车中查询图书 在当当中查询图书 在豆瓣中查询图书


正题名:新药介绍     索取号:R97-62/38:3         预约/预借

序号 登录号 条形码 馆藏地/架位号 状态 备注
1 0451520   204515202   密集书库/ [索取号:R97-62/38:3] 在馆    
2 0458310   204583101   密集书库/ [索取号:R97-62/38:3] 在馆    
3 0467226   204672265   密集书库/ [索取号:R97-62/38:3] 在馆    
唐山师范学院图书馆 欢迎您!
大连网信软件有限公司© 版权所有